000 00817nac a22002537a 4500
001 BR8007160
003 BR-BrBNA
005 20240105114838.0
008 230509b bl.|||m| |||| 00| 0 por d
040 _aBR-BrBNA
_bpor
_cBiblioteca Nacional de Agricultura
072 _aE10; E70
090 _aE10 BR8007160
110 1 _aSuperintendencia da Zona Franca de Manaus, AM (Brasil)
_910029
245 1 _aRelatorio de atividades. Exercicio 1979 [Superintendencia da Zona Franca de Manaus, Brasil]
260 3 _aManaus, AM (Brasil):
_c1980.
300 _a51 p.
490 _aRelatorio - Superintendencia da Zona Franca de Manaus (Brazil)
_v
_x
650 _aECONOMIA
650 _aCOMERCIO
650 _aMANAUS
650 _aAMAZONAS
909 _a202312
_bLúcia Elande
_c55
_dLúcia Elande
942 _2AGRIS
_n0
_cMS
999 _c271625
_d271625